Victoria Australia Top 100 Boy Baby Names 2025 - Statistics

General Stats
  • This quiz has been taken 58 times
  • The average score is 48 of 101
Answer Stats
Answer % Correct
30 James
94%
8 Jack
91%
2 Oliver
89%
10 William
89%
23 Harry
87%
3 Henry
87%
1 Noah
87%
23 Liam
83%
7 Luca
83%
21 George
81%
16 Lucas
81%
28 Alexander
79%
55 Benjamin
79%
6 Charlie
79%
78 Daniel
79%
66 Joseph
79%
4 Leo
79%
78 Joshua
77%
90 Charles
74%
76 Jacob
74%
12 Thomas
74%
49 Samuel
72%
50 Theo
70%
19 Isaac
68%
50 Edward
66%
35 Ethan
66%
5 Theodore
66%
83 Eli
64%
13 Elijah
62%
63 Adam
60%
57 Leon
60%
11 Oscar
60%
25 Harrison
57%
25 Patrick
57%
54 Jordan
55%
97 Marcus
55%
42 Mason
55%
29 Sebastian
55%
22 Arthur
53%
20 Max
53%
18 Muhammad
53%
65 Ryan
53%
33 Xavier
53%
14 Archie
51%
98 Aiden
49%
56 Finn
49%
37 Billy
47%
74 Gabriel
47%
71 Logan
47%
45 Louis
47%
100 Carter
45%
39 Cooper
45%
17 Hudson
45%
61 Tommy
45%
83 Frederick
43%
60 Hunter
43%
32 Kai
43%
70 Parker
43%
83 Bobby
40%
82 Ollie
40%
69 Ezra
38%
50 Jude
38%
46 Felix
36%
62 Riley
36%
92 Asher
34%
38 Austin
34%
99 Elliot
34%
75 Finley
34%
15 Harvey
34%
90 Jayden
34%
77 Rory
34%
47 Ali
32%
27 Archer
32%
9 Levi
32%
87 Zayn
32%
94 Isaiah
30%
44 Lachlan
30%
68 Roman
30%
87 Flynn
28%
31 Hugo
28%
40 Arlo
26%
41 Jasper
26%
36 Miles
26%
58 River
26%
58 Angus
23%
89 Elias
23%
81 Lincoln
23%
47 Spencer
23%
95 August
21%
64 Luka
21%
72 Louie
15%
43 Sonny
15%
34 Beau
13%
53 Darcy
11%
80 Fletcher
11%
67 Lenny
11%
100 Remy
11%
93 Ibrahim
6%
73 Myles
4%
95 Oakley
4%
83 Bohdi
0%
No matching quizzes found
Score Distribution
Percent of People with Each Score
Percentile by Number Answered
Your Score History
You have not taken this quiz